Catalog

Record Details

Catalog Search



Wonder  Cover Image Book Book

Wonder / R.J. Palacio.

Palacio, R. J., (author.).

Summary:

I won’t describe what I look like. Whatever you’re thinking, it’s probably worse. August Pullman was born with a facial difference that, up until now, has prevented him from going to a mainstream school. Starting 5th grade at Beecher Prep, he wants nothing more than to be treated as an ordinary kid—but his new classmates can’t get past Auggie’s extraordinary face. Wonder, begins from Auggie’s point of view, but soon switches to include his classmates, his sister, her boyfriend, and others.

Record details

  • ISBN: 9780375869020 (hardcover)
  • ISBN: 0375869026 (hardcover)
  • ISBN: 9780375969027 (hardcover library binding)
  • ISBN: 0375969020 (hardcover library binding)
  • Physical Description: 315 pages : illustrations ; 22 cm
  • Publisher: New York : Alfred A. Knopf, ©2012.

Content descriptions

Awards Note:
Young Hoosier Book Award, 2015
Texas Bluebonnet Award nominee, 2014.
Prairie Pasque Children's Book Award, 2014-2015.
Land of Enchantment Children's Book Award, 2014.
Kentucky Bluegrass Award, 2014
BookBrowse Best Book for Younger Readers Award Winner, 2012
Subject: Abnormalities, Human > Juvenile fiction.
Self-acceptance > Juvenile fiction.
Middle schools > Juvenile fiction.
Private schools > New York (State) > New York > Juvenile fiction.
Schools > Juvenile fiction.
Students > Juvenile fiction.
Parent and child > Juvenile fiction.
Divorce > Juvenile fiction.
Siblings > Juvenile fiction.
Manhattan (New York, N.Y.) > Juvenile fiction.
Genre: Juvenile works.
Fiction.
Novels.

Available copies

  • 2 of 2 copies available at scottsboropl.

Holds

  • 0 current holds with 2 total copies.
Show Only Available Copies
Location Call Number / Copy Notes Barcode Shelving Location Status Due Date
scottsboropl JF Pal 32269001026874 Juvenile - Fiction Available -
scottsboropl JF Pal 32269001127425 Storage - Juvenile Available -

LDR 02861cam a2200577 i 4500
001136587
003SBPL
00520171115120922.0
008110909t20122012nyua c 000 f eng
010 . ‡a 2011027133
020 . ‡a9780375869020 (hardcover)
020 . ‡a0375869026 (hardcover)
020 . ‡a9780375969027 (hardcover library binding)
020 . ‡a0375969020 (hardcover library binding)
020 . ‡z9780605575912 ‡c(Perma-Bound)
020 . ‡z0605575916 ‡c(Perma-Bound)
035 . ‡a(CONS)136587
035 . ‡a(CPomAG)LMN564426
05000. ‡aPZ7.P17526 ‡bWo 2012
050 4. ‡aPS3616.A33864 ‡bW66 2012
08200. ‡a[Fic] ‡223
1001 . ‡aPalacio, R. J., ‡eauthor.
24510. ‡aWonder / ‡cR.J. Palacio.
264 1. ‡aNew York : ‡bAlfred A. Knopf, ‡c©2012.
300 . ‡a315 pages : ‡billustrations ; ‡c22 cm
336 . ‡atext ‡2rdacontent
337 . ‡aunmediated ‡2rdamedia
338 . ‡avolume ‡2rdacarrier
4901 . ‡aWonder ; ‡v1
520 . ‡aI won’t describe what I look like. Whatever you’re thinking, it’s probably worse. August Pullman was born with a facial difference that, up until now, has prevented him from going to a mainstream school. Starting 5th grade at Beecher Prep, he wants nothing more than to be treated as an ordinary kid—but his new classmates can’t get past Auggie’s extraordinary face. Wonder, begins from Auggie’s point of view, but soon switches to include his classmates, his sister, her boyfriend, and others.
586 . ‡aYoung Hoosier Book Award, 2015
586 . ‡aTexas Bluebonnet Award nominee, 2014.
586 . ‡aPrairie Pasque Children's Book Award, 2014-2015.
586 . ‡aLand of Enchantment Children's Book Award, 2014.
586 . ‡aKentucky Bluegrass Award, 2014
586 . ‡aBookBrowse Best Book for Younger Readers Award Winner, 2012
650 0. ‡aAbnormalities, Human ‡vJuvenile fiction.
650 0. ‡aSelf-acceptance ‡vJuvenile fiction.
650 0. ‡aMiddle schools ‡vJuvenile fiction.
650 0. ‡aPrivate schools ‡zNew York (State) ‡zNew York ‡vJuvenile fiction.
650 0. ‡aSchools ‡vJuvenile fiction.
650 0. ‡aStudents ‡vJuvenile fiction.
650 0. ‡aParent and child ‡vJuvenile fiction.
650 0. ‡aDivorce ‡vJuvenile fiction.
650 0. ‡aSiblings ‡vJuvenile fiction.
651 0. ‡aManhattan (New York, N.Y.) ‡vJuvenile fiction.
655 7. ‡aJuvenile works. ‡2fast ‡0(OCoLC)fst01411637
655 7. ‡aFiction. ‡2lcgft
655 7. ‡aNovels. ‡2lcgft
830 0. ‡aWonder ; ‡v1.
901 . ‡a136587 ‡bUnknown ‡c136587 ‡tbiblio

Additional Resources